| 000 | 01327nam a22002657a 4500 | ||
|---|---|---|---|
| 001 | 10067 | ||
| 003 | FISKH | ||
| 005 | 20260403091712.0 | ||
| 008 | 260403b cb ||||| |||| 00| 0 eng d | ||
| 020 | _a9781107682351 | ||
| 040 |
_aFISKH _beng _cFISKH _dFISKH |
||
| 082 | _a372.6 | ||
| 100 | _aBudge, llGill | ||
| 245 |
_aCambridge primary English : _bActivity book stage 3 / |
||
| 260 |
_aMelbourne : _bCambridge University Press, _c2015. |
||
| 300 |
_a117 pages : _billustrations ; _c28 cm |
||
| 505 | _aP | ||
| 520 | _aCambridge Primary English is a flexible, endorsed course written specifically to support Cambridge International Examinations' curriculum framework (Stages 1-6). This write-in Activity Book includes the following features. Activities which support, enrich and reinforce the core teaching in the Learner's Book, using the same themes and texts to enhance comprehension. Activities which are designed to build, practise and consolidate the reading and writing skills of all learners. Further activities and games targeting specific grammar and language points, extra writing and spelling activities. | ||
| 521 | 8 |
_a650
_bLexile estimate |
|
| 521 | 8 |
_aP
_bRaz-Plus |
|
| 650 |
_aEnglish Book _vNon-Fiction |
||
| 700 |
_aRuttle, Kate _eAuthor |
||
| 942 |
_2ddc _cBK _n0 |
||
| 999 |
_c10067 _d10067 |
||